[Event "Pasao op 13th"]
[Site "Pasao"]
[Date "1997.??.??"]
[Round "4"]
[White "Rodriguez Codes, Sebastian"]
[Black "Trujillo Salas, Juan"]
[Result "1-0"]
[WhiteElo "1800"]
[BlackElo "2000"]
[PlyCount "93"]
[EventDate "1997.??.??"]
[EventType "swiss"]
[EventRounds "6"]
[EventCountry "ESP"]
[SourceTitle "EXT 2003"]
[Source "ChessBase"]
[SourceDate "2002.11.25"]
[SourceVersion "1"]
[SourceVersionDate "2002.11.25"]
[SourceQuality "1"]

1. d4 g6 2. e4 d6 3. Nf3 Bg7 4. Bc4 Bg4 5. h3 Bxf3 6. Qxf3 e6 7. d5 e5 8. Bb5+ c6 9. dxc6 Nxc6 10. Bc4 Qc7 11. Na3 Nd4 12. Qd3 a6 13. c3 Nc6 14. b4 b5 15. Bb3 Nge7 16. h4 h5 17. Qf3 Nd8 18. Bb2 Rb8 19. 0-0 0-0 20. Rad1 Ne6 21. c4 Nd4 22. Bxd4 exd4 23. cxb5 axb5 24. Nc2 Nc6 25. Bd5 Ne5 26. Qb3 d3 27. Ne1 Qe7 28. f4 Ng4 29. Nf3 Qa7+ 30. Kh1 Ne3 31. Ng5 Nxf1 32. Rxf1 d2 33. f5 Rbc8 34. fxg6 Rc1 35. Rd1 Qe7 36. Qf3 Qf6 37. Qxh5 Rxd1+ 38. Qxd1 Qxg6 39. Qxd2 Bh6 40. Qf4 Bxg5 41. hxg5 Qh5+ 42. Kg1 Rc8 43. g6 Qxg6 44. g4 Rc2 45. g5 Rb2 46. e5 dxe5 47. Be4 1-0

[Event "Pasao op 13th"]
[Site "Pasao"]
[Date "1997.??.??"]
[Round "5"]
[White "Trujillo Salas, Juan"]
[Black "Rubio Doblas, Fco Javier"]
[Result "0-1"]
[WhiteElo "2000"]
[BlackElo "2130"]
[PlyCount "50"]
[EventDate "1997.??.??"]
[EventType "swiss"]
[EventRounds "6"]
[EventCountry "ESP"]
[SourceTitle "EXT 2003"]
[Source "ChessBase"]
[SourceDate "2002.11.25"]
[SourceVersion "1"]
[SourceVersionDate "2002.11.25"]
[SourceQuality "1"]

1. e4 c5 2. Nc3 Nc6 3. Nf3 g6 4. d4 cxd4 5. Nxd4 Bg7 6. Be3 Nf6 7. Nxc6 bxc6 8. Bc4 Qa5 9. Qf3 0-0 10. 0-0 d6 11. h3 Rb8 12. Rab1 Rxb2 13. Rxb2 Qxc3 14. Qe2 Qxb2 15. Bxa7 Nd7 16. Be3 Qa3 17. Bg5 Ne5 18. Bc1 Qa7 19. Be3 c5 20. Bb3 Ba6 21. c4 Nc6 22. Qd2 Nd4 23. Rb1 Rb8 24. Qa5 Qb6 25. Qa4 Ne2+ 0-1